Normal view
MARC view
- Gilbert, Robert P.,
Entry Personal Name
001 - CONTROL NUMBER
- control field: 152382
003 - CONTROL NUMBER IDENTIFIER
- control field: DLC
005 - DATE AND TIME OF LATEST TRANSACTION
- control field: 20260206104912.0
008 - FIXED-LENGTH DATA ELEMENTS
- fixed length control field: 800605n| azannaabn |a aaa
010 ## - LIBRARY OF CONGRESS CONTROL NUMBER
- LC control number: n 50027536
035 ## - SYSTEM CONTROL NUMBER
- System control number: (OCoLC)oca00062920
035 ## - SYSTEM CONTROL NUMBER
- System control number: (Uk)000148943
040 ## - CATALOGING SOURCE
- Original cataloging agency: DLC
- Language of cataloging: eng
- Description conventions: rda
- Transcribing agency: DLC
- Modifying agency: DLC
- Modifying agency: MdRoLAC
- Modifying agency: OCoLC
- Modifying agency: Uk
046 ## - SPECIAL CODED DATES
- Birth date: 1932-01-08
- Source of date scheme: edtf
100 1# - HEADING--PERSONAL NAME
- Personal name: Gilbert, Robert P.,
- Dates associated with a name: 1932-
370 ## - ASSOCIATED PLACE
- Place of birth: New York (N.Y.)
- Associated country: United States
- Source of term: naf
372 ## - FIELD OF ACTIVITY
- Field of activity: Computer science
- Field of activity: Mathematics
- Source of term: lcsh
373 ## - ASSOCIATED GROUP
- Associated group: University of Delaware
- Source of term: naf
374 ## - OCCUPATION
- Occupation: College teachers
- Source of term: lcsh
378 ## - FULLER FORM OF PERSONAL NAME
- Fuller form of personal name: Robert Pertsch
400 1# - SEE FROM TRACING--PERSONAL NAME
- Personal name: Gilbert, R. P.
- Fuller form of name: (Robert P.),
- Dates associated with a name: 1932-
400 1# - SEE FROM TRACING--PERSONAL NAME
- Personal name: Gilbert, R.
- Fuller form of name: (Robert),
- Dates associated with a name: 1932-
670 ## - SOURCE DATA FOUND
- Source citation: His Function theoretic methods in partial ... 1969.
670 ## - SOURCE DATA FOUND
- Source citation: Asymptotic theories for plates and shells, 1995:
- Information found: CIP t.p. (R.P. Gilbert; Univ. of Delaware) data sheet (Gilbert, Robert P.)
670 ## - SOURCE DATA FOUND
- Source citation: Computer-supported calculus, c2001:
- Information found: CIP t.p. (R. Gilbert) t.p. verso (Dr. Robert Gilbert; Dept. of Math. Science and Computer and Informational Sciences, Univ. of Delaware)
670 ## - SOURCE DATA FOUND
- Source citation: American men & women of science 1992-93
- Information found: (Robert Pertsch Gilbert; born 8 January 1932 in New York, N.Y.)



